Statistics for Actors by Recurring Role

Click here to take the quiz!

General Stats

  • This quiz has been taken 12,555 times
    (6,427 since last reset)
  • The average score is 13 of 20

Answer Stats

Character Times Played by this Actor: % Correct
Wolverine8, 2000-2016Hugh Jackman
92%
Indiana Jones4, 1981-2008Harrison Ford
91%
Iron Man7, 2008-2016Robert Downey Jr.
90%
James Bond7, 1962-1983Sean Connery
86%
John Rambo5, 1982-2015Sylvester Stallone
86%
Hermione Granger8, 2001-2011Emma Watson
85%
Spider-man3, 2002-2007Tobey Maguire
77%
"Dirty" Harry
Callahan
5, 1971-1988Clint Eastwood
71%
Mr. Spock8, 1979-2013Leonard Nimoy
70%
Nick Fury7, 2008-2015Samuel L. Jackson
69%
James Bond7, 1973-1985Roger Moore
67%
Gandalf6, 2001-2014Ian McKellen
67%
Superman4, 1978-1987Christopher Reeve
65%
James T Kirk7, 1979-1994William Shatner
61%
M7, 1995-2012Judi Dench
55%
Clark Griswold6, 1983-2015Chevy Chase
47%
Dominic Toretto6, 2001-2015Vin Diesel
44%
Mabel "Madea"
Simmons
9, 2005-2014Tyler Perry
44%
C3PO7, 1977-2015Anthony Daniels
24%
Noah Levenstein
(Jim's dad)
8, 1999-2012Eugene Levy
22%

Score Distribution

Percentile by Number Answered

Percent of People with Each Score

Your Score History

You have not taken this quiz since the last reset